000 00947nam a2200241 a 4500
001 75518
003 BD-RjUL
005 20211209082713.0
008 190418s1965 pk c 000 0 eng
035 _a(BD-RjUL)75736
040 _aDLC
_cDLC
_dDLC
_dBD-RjUL
_beng
041 _aeng
082 0 0 _a327.549
_bBHI 1965
_223
100 1 _aBhutto, Zulfikar Ali,
_d1928-1979.
_9230896
245 1 0 _aImportant press conferences, held by Mr. Zulfikar Ali Bhutto, Foreign Minister of Pakistan in New York on September 19 & November 5 and at Rawalpindi on October 5, 1965 /
_cZulfikar Ali Bhutto ; Pakistan. Ministry of Foreign Affairs
260 _aKarachi :
_bMinistry of Foreign Affairs,
_c[1965]
300 _a41 p. :
_bill. ;
_c22 cm.
650 _v
_9230897
651 _aPakistan
_xForeign relations
_9230898
651 _aPakistan
_xPolitics and government
_9230899
710 _aPakistan.
_bMinistry of Foreign Affairs
_9230900
942 _2ddc
_cBK
999 _c75518
_d75518